00354nam a2200121Ia 4500082001200000100002500012245005900037260003600096300001000132650003300142650004000175710001700215 aTM.0142 aMichie, Aruna Nayyar 0aEconomic change and political behaviour in rural India c1975bMichigan State University a261p. aRAJASTHAN - RURAL CONDITIONS aRAJASTHAN - POLITICS AND GOVERNMENT aIqbal Narain